Otra taza de chocolate caliente para el alma (Registro nro. 5722)
[ vista simple ]
| 000 -Cabecera | |
|---|---|
| Campo de control de longitud fija | 00707ata a2200277 4500 |
| 005 - Fecha y hora de la última transacción | |
| Campo de control | 20231010110838.0 |
| 008 - Elementos de longitud fija--Información general | |
| Campo de control de longitud fija | 150519b xxu||||| |||| 00| 0 spa d |
| 041 ## - Idioma | |
| Código de idioma | |
| 082 ## - Clasificación Decimal Dewey | |
| Número de clasificación | 155.23 C222o |
| 100 ## - Entrada principal--Autor personal | |
| Nombre personal | Canfield, Jack |
| 9 (RLIN) | 27711 |
| 100 ## - Entrada principal--Autor personal | |
| Nombre personal | Hansen, Mark |
| 9 (RLIN) | 27712 |
| 245 ## - Título propiamente dicho | |
| Título | Otra taza de chocolate caliente para el alma |
| 260 ## - Pie de imprenta | |
| Lugar de publicación, distribución, etc. | Argentina |
| 260 ## - Pie de imprenta | |
| Nombre del editor, distribuidor, etc. | Atlantida |
| 260 ## - Pie de imprenta | |
| Fecha de publicación, distribución, etc. | 1996 |
| 300 ## - Descripción física | |
| Extensión | 286 páginas |
| 650 ## - Materia general | |
| Temática (materia general) | SUPERACIÓN PERSONAL |
| 650 ## - Materia general | |
| Temática (materia general) | AMOR |
| 650 ## - Materia general | |
| Temática (materia general) | PATERNIDAD |
| 650 ## - Materia general | |
| Temática (materia general) | MUERTE |
| 650 ## - Materia general | |
| Temática (materia general) | APRENDIZAJE |
| 650 ## - Materia general | |
| Temática (materia general) | SUPERAR OBSTACULOS |
| 650 ## - Materia general | |
| Temática (materia general) | ACTITUD |
| 650 ## - Materia general | |
| Temática (materia general) | SABIDURÍA |
| 942 ## - Punto de acceso adicional KOHA | |
| Tipo de ítem KOHA | Literatura |
| Fuente del sistema de clasificación o colocación | Dewey Decimal Classification |
| Signatura completa | Código de barras | Tipo de ítem |
|---|---|---|
| 155.23 C222o | 9531 | Literatura |